|
|
|
|
| LEADER |
00713nam a2200205 a 4500 |
| 001 |
c000261538 |
| 003 |
CARM |
| 005 |
20070528150925.0 |
| 008 |
070528s1978 enk 000 1 eng d |
| 019 |
1 |
|
|a 50070812
|5 LACONCORD2021
|
| 020 |
|
|
|a 0263728129 (pbk.)
|
| 035 |
|
|
|a (OCoLC)812536700
|5 LACONCORD2021
|
| 040 |
|
|
|a VCAV
|b eng
|c VCAV
|
| 100 |
1 |
|
|a Shore, Juliet.
|
| 245 |
1 |
0 |
|a Holiday hospital /
|c by Juliet Shore.
|
| 260 |
|
|
|a London :
|b Mills & Boon,
|c 1978.
|
| 300 |
|
|
|a 192 p.
|
| 852 |
8 |
|
|b CARM
|h A1:AO11A0
|i A04319
|p 0378475
|f BK
|
| 999 |
f |
f |
|i 99d8293a-a653-5b14-9b1e-6ed0e8599292
|s 181086b3-6246-5d7f-8181-6a49b386c559
|
| 952 |
f |
f |
|p Can circulate
|a CAVAL
|b CAVAL
|c CAVAL
|d CARM 1 Store
|e A04319
|f A1:AO11A0
|h Other scheme
|i book
|m 0378475
|